00595 2200217 4500001002100000005001500021035002500036090002000061245007000081260003000151300002500181082001500206084001500221007000300236008004100239040001700280650002800297850001200325990002000337990002000357YOGYA00000000008016920250620122847 a0010-081400000079886 aCB-D.11 2010-74 aMengolah data statistik hasil penelitian dengan SPSS 17 /c[s.n.] aYogyakarta :bAndi,c2010 ax, 358 hlm. :b18 cm 222a005.55 a005.55 Panta131202s2010 yoi g ind d aYOPDYOGbind aSPSS (Program komputer) aYOPDYOG aCB-D.11/2010-74 aCB-D.11/2010-74